[Event "WCO2014"]
[Site "Tromso"]
[Date "2014.08.12"]
[Round "10.10"]
[WhiteID "6700667"]
[White "Avelar Gabriela"]
[BlackID "2302454"]
[Black "Thorsteinsdottir Hallgerdur"]
[Result "1/2-1/2"]
[LiveChessVersion "1.4.3"]
[BlackElo "1982"]
[WhiteElo "1903"]

1. e4 {[%clk 1:30:57]} c6 {[%clk 1:30:50]} 2. d4 {[%clk 1:31:13]} d5
{[%clk 1:31:07]} 3. e5 {[%clk 1:31:25]} c5 {[%clk 1:31:22]} 4. c3
{[%clk 1:31:31]} Nc6 {[%clk 1:31:35]} 5. Nf3 {[%clk 1:31:13]} Bg4
{[%clk 1:31:47]} 6. Be2 {[%clk 1:29:23]} e6 {[%clk 1:31:30]} 7. O-O
{[%clk 1:26:16]} Qb6 {[%clk 1:26:56]} 8. Nbd2 {[%clk 1:19:58]} cxd4
{[%clk 1:21:56]} 9. cxd4 {[%clk 1:17:33]} Nge7 {[%clk 1:19:51]} 10. Qb3
{[%clk 1:08:02]} Nf5 {[%clk 1:15:55]} 11. Qxb6 {[%clk 1:05:47]} axb6
{[%clk 1:16:16]} 12. Bb5 {[%clk 1:03:37]} Bb4 {[%clk 1:12:22]} 13. h3
{[%clk 1:00:45]} Bxf3 {[%clk 1:10:29]} 14. Nxf3 {[%clk 1:00:42]} O-O
{[%clk 1:10:01]} 15. Rd1 {[%clk 0:57:46]} Rfc8 {[%clk 1:09:13]} 16. g4
{[%clk 0:54:13]} Nfe7 {[%clk 1:08:01]} 17. a3 {[%clk 0:50:05]} Ng6
{[%clk 1:06:51]} 18. Be3 {[%clk 0:47:02]} Be7 {[%clk 1:02:26]} 19. Rac1
{[%clk 0:44:55]} Rc7 {[%clk 0:52:23]} 20. Rc3 {[%clk 0:40:39]} Rac8
{[%clk 0:51:02]} 21. Rdc1 {[%clk 0:39:35]} Kf8 {[%clk 0:45:28]} 22. Bd3
{[%clk 0:33:35]} Bd8 {[%clk 0:44:27]} 23. Kf1 {[%clk 0:31:20]} Na5
{[%clk 0:41:49]} 24. Rxc7 {[%clk 0:29:52]} Rxc7 {[%clk 0:42:05]} 25. Rxc7
{[%clk 0:30:08]} Bxc7 {[%clk 0:42:25]} 26. Nd2 {[%clk 0:29:44]} f6
{[%clk 0:37:03]} 27. f4 {[%clk 0:27:24]} Ke7 {[%clk 0:35:57]} 28. b4
{[%clk 0:23:58]} Nc6 {[%clk 0:35:55]} 29. Nb1 {[%clk 0:22:08]} fxe5
{[%clk 0:28:52]} 30. fxe5 {[%clk 0:22:03]} Kf7 {[%clk 0:26:11]} 31. Nc3
{[%clk 0:20:46]} Na7 {[%clk 0:24:42]} 32. Nb5 {[%clk 0:17:20]} Nxb5
{[%clk 0:24:12]} 33. Bxb5 {[%clk 0:17:44]} h6 {[%clk 0:22:34]} 34. Ke2
{[%clk 0:16:56]} Ke7 {[%clk 0:17:33]} 35. Kf3 {[%clk 0:14:29]} Nh4+
{[%clk 0:16:56]} 36. Kg3 {[%clk 0:14:03]} g5 {[%clk 0:17:03]} 37. Bd3
{[%clk 0:12:04]} Kf7 {[%clk 0:16:39]} 38. Kf2 {[%clk 0:11:46]} Ng6
{[%clk 0:11:47]} 1/2-1/2

[Event "WCO2014"]
[Site "Tromso"]
[Date "2014.08.12"]
[Round "10.11"]
[WhiteID "2300214"]
[White "Finnbogadottir Tinna Kristin"]
[BlackID "6702945"]
[Black "Garcia Alcira"]
[Result "0-1"]
[LiveChessVersion "1.4.3"]
[BlackElo "1692"]
[WhiteElo "1915"]

1. e4 {[%clk 1:30:59]} e5 {[%clk 1:30:52]} 2. Nf3 {[%clk 1:31:26]} Nc6
{[%clk 1:31:15]} 3. d4 {[%clk 1:31:53]} exd4 {[%clk 1:31:37]} 4. Bc4
{[%clk 1:32:19]} Bc5 {[%clk 1:29:27]} 5. O-O {[%clk 1:32:41]} d6 {[%clk 1:28:11]}
6. c3 {[%clk 1:25:30]} d3 {[%clk 1:20:00]} 7. b4 {[%clk 1:21:24]} Bb6
{[%clk 1:17:28]} 8. Qxd3 {[%clk 1:16:02]} Nf6 {[%clk 1:13:25]} 9. Bg5
{[%clk 1:12:19]} h6 {[%clk 1:11:36]} 10. Bh4 {[%clk 1:12:35]} Qe7
{[%clk 1:10:52]} 11. Nbd2 {[%clk 1:12:21]} Bg4 {[%clk 1:08:56]} 12. a4
{[%clk 1:12:01]} a5 {[%clk 1:08:54]} 13. b5 {[%clk 1:09:23]} Ne5 {[%clk 1:05:17]}
14. Nxe5 {[%clk 1:09:37]} dxe5 {[%clk 1:05:12]} 15. Qg3 {[%clk 1:09:14]} g5
{[%clk 1:04:48]} 16. Bxg5 {[%clk 1:02:21]} hxg5 {[%clk 1:05:09]} 17. h3
{[%clk 1:02:35]} Be6 {[%clk 0:55:17]} 18. Qxg5 {[%clk 1:01:30]} O-O-O
{[%clk 0:53:18]} 19. Bxe6+ {[%clk 0:58:54]} Qxe6 {[%clk 0:53:37]} 20. Nf3
{[%clk 0:58:58]} Rdg8 {[%clk 0:53:49]} 21. Qf5 {[%clk 0:58:11]} Qxf5
{[%clk 0:52:29]} 22. exf5 {[%clk 0:58:36]} Rxh3 {[%clk 0:52:41]} 23. Nxe5
{[%clk 0:54:58]} Rhg3 {[%clk 0:51:17]} 24. Rad1 {[%clk 0:51:23]} Rxg2+
{[%clk 0:51:19]} 25. Kh1 {[%clk 0:51:47]} R2g5 {[%clk 0:51:00]} 26. Nf3
{[%clk 0:49:38]} Rh5+ {[%clk 0:51:16]} 27. Nh2 {[%clk 0:49:19]} Ng4
{[%clk 0:51:08]} 0-1

[Event "WCO2014"]
[Site "Tromso"]
[Date "2014.08.12"]
[Round "10.12"]
[WhiteID "6700705"]
[White "Melendez Gabriela"]
[BlackID "2300370"]
[Black "Kristinardottir Elsa Maria"]
[Result "1-0"]
[LiveChessVersion "1.4.3"]
[BlackElo "1839"]
[WhiteElo "1877"]

1. d4 {[%clk 1:30:56]} d5 {[%clk 1:30:52]} 2. c4 {[%clk 1:31:05]} e5
{[%clk 1:31:10]} 3. dxe5 {[%clk 1:23:53]} d4 {[%clk 1:31:32]} 4. Nf3
{[%clk 1:24:08]} Nc6 {[%clk 1:31:55]} 5. Nbd2 {[%clk 1:18:46]} Bf5
{[%clk 1:26:08]} 6. Nb3 {[%clk 1:14:26]} Bb4+ {[%clk 1:24:17]} 7. Bd2
{[%clk 1:14:23]} d3 {[%clk 1:21:06]} 8. exd3 {[%clk 1:11:04]} Bxd3
{[%clk 1:21:07]} 9. Bxd3 {[%clk 1:11:29]} Qxd3 {[%clk 1:21:27]} 10. Qe2
{[%clk 1:11:58]} O-O-O {[%clk 1:17:00]} 11. Qxd3 {[%clk 1:11:58]} Rxd3
{[%clk 1:17:22]} 12. Ke2 {[%clk 1:12:13]} Rd7 {[%clk 1:15:57]} 13. Bxb4
{[%clk 1:11:37]} Nxb4 {[%clk 1:16:11]} 14. Rhd1 {[%clk 1:12:05]} Re7
{[%clk 1:13:54]} 15. Nbd4 {[%clk 1:10:33]} Nh6 {[%clk 1:11:48]} 16. Kf1
{[%clk 1:05:27]} Rhe8 {[%clk 1:08:57]} 17. Rd2 {[%clk 0:59:08]} g6
{[%clk 1:07:10]} 18. h3 {[%clk 0:59:05]} Na6 {[%clk 1:05:29]} 19. Nb5
{[%clk 0:57:36]} Nc5 {[%clk 1:01:27]} 20. Nxa7+ {[%clk 0:54:18]} Kb8
{[%clk 1:01:51]} 21. Nb5 {[%clk 0:54:45]} Nf5 {[%clk 1:00:25]} 22. Rad1
{[%clk 0:54:35]} b6 {[%clk 1:00:14]} 23. Nc3 {[%clk 0:38:49]} c6 {[%clk 0:58:22]}
24. b4 {[%clk 0:38:41]} Ne6 {[%clk 0:57:49]} 25. g4 {[%clk 0:34:09]} Nfg7
{[%clk 0:57:38]} 26. Ne4 {[%clk 0:31:57]} h6 {[%clk 0:57:16]} 27. Nf6
{[%clk 0:31:57]} Rc8 {[%clk 0:57:09]} 28. Rd7 {[%clk 0:27:16]} Rxd7
{[%clk 0:56:41]} 29. Rxd7 {[%clk 0:27:34]} Rc7 {[%clk 0:56:38]} 30. Rxc7
{[%clk 0:23:00]} Kxc7 {[%clk 0:56:54]} 31. h4 {[%clk 0:21:09]} Nf4
{[%clk 0:55:15]} 32. a3 {[%clk 0:16:26]} Kd8 {[%clk 0:52:57]} 33. Ke1
{[%clk 0:16:37]} Nge6 {[%clk 0:51:43]} 34. Kd2 {[%clk 0:16:06]} Kc7
{[%clk 0:49:32]} 35. Ng8 {[%clk 0:11:05]} h5 {[%clk 0:49:00]} 36. gxh5
{[%clk 0:11:22]} Nxh5 {[%clk 0:48:53]} 37. Ke3 {[%clk 0:09:42]} Nhg7
{[%clk 0:48:32]} 38. Nh6 {[%clk 0:09:24]} Nd8 {[%clk 0:46:23]} 39. Ng5
{[%clk 0:09:31]} Kd7 {[%clk 0:46:34]} 40. Ngxf7 {[%clk 0:06:29]} Nxf7
{[%clk 0:46:44]} 41. Nxf7 {[%clk 0:06:52]} Nf5+ {[%clk 0:46:51]} 42. Ke4
{[%clk 0:06:53]} Nxh4 {[%clk 0:47:00]} 43. a4 {[%clk 0:05:34]} Nf5
{[%clk 0:47:13]} 44. Ng5 {[%clk 0:01:24]} Ne7 {[%clk 0:47:04]} 45. Nf3
{[%clk 0:01:16]} Kc7 {[%clk 0:46:24]} 46. Kf4 {[%clk 0:28:39]} b5
{[%clk 1:17:02]} 47. cxb5 {[%clk 0:28:45]} cxb5 {[%clk 1:17:20]} 48. axb5
{[%clk 0:29:03]} Kb6 {[%clk 1:16:42]} 49. Nd4 {[%clk 0:29:09]} 1-0

[Event "WCO201402"]
[Site "Tromso"]
[Date "2014.08.12"]
[Round "10.32"]
[WhiteID "2401312"]
[White "Milligan Helen"]
[BlackID "12400980"]
[Black "Nguyen Thu Giang"]
[Result "0-1"]
[LiveChessVersion "1.4.3"]
[BlackElo "2165"]
[WhiteElo "1938"]

1. e4 {[%clk 1:30:58]} c5 {[%clk 1:30:56]} 2. Nf3 {[%clk 1:31:23]} Nc6
{[%clk 1:31:02]} 3. Bb5 {[%clk 1:31:45]} e6 {[%clk 1:31:27]} 4. Bxc6
{[%clk 1:31:49]} bxc6 {[%clk 1:31:52]} 5. d3 {[%clk 1:31:03]} Qc7
{[%clk 1:32:13]} 6. Qe2 {[%clk 1:30:20]} e5 {[%clk 1:31:52]} 7. O-O
{[%clk 1:26:34]} Ne7 {[%clk 1:31:22]} 8. c4 {[%clk 1:21:54]} Ng6 {[%clk 1:31:05]}
9. Nc3 {[%clk 1:21:44]} d6 {[%clk 1:30:52]} 10. h3 {[%clk 1:18:03]} Be7
{[%clk 1:30:45]} 11. Nh2 {[%clk 1:16:52]} O-O {[%clk 1:26:28]} 12. Re1
{[%clk 1:07:13]} f5 {[%clk 1:25:48]} 13. exf5 {[%clk 1:07:13]} Bxf5
{[%clk 1:25:55]} 14. Nf3 {[%clk 1:06:10]} h6 {[%clk 1:16:48]} 15. Bd2
{[%clk 1:00:57]} Rf7 {[%clk 1:15:03]} 16. Rf1 {[%clk 0:53:45]} Raf8
{[%clk 1:14:36]} 17. Ne1 {[%clk 0:53:48]} Qd7 {[%clk 1:12:43]} 18. Kh2
{[%clk 0:52:43]} Nh4 {[%clk 1:07:17]} 19. f3 {[%clk 0:50:26]} d5 {[%clk 1:03:16]}
20. Qf2 {[%clk 0:46:10]} Be6 {[%clk 1:01:53]} 21. b3 {[%clk 0:46:07]} Nf5
{[%clk 0:48:18]} 22. Rd1 {[%clk 0:44:04]} Qd6 {[%clk 0:43:51]} 23. Ne2
{[%clk 0:40:30]} g5 {[%clk 0:32:24]} 24. g3 {[%clk 0:36:33]} Ng7 {[%clk 0:23:53]}
25. Nc3 {[%clk 0:34:22]} Bd8 {[%clk 0:21:02]} 26. Qg2 {[%clk 0:32:54]} Nh5
{[%clk 0:20:27]} 27. Nc2 {[%clk 0:29:28]} Kh7 {[%clk 0:18:06]} 28. Ne1
{[%clk 0:24:55]} Qd7 {[%clk 0:16:25]} 29. Nc2 {[%clk 0:21:58]} Bc7
{[%clk 0:15:25]} 30. Ne2 {[%clk 0:20:15]} Rf6 {[%clk 0:15:21]} 31. Be3
{[%clk 0:15:34]} Bd6 {[%clk 0:14:54]} 32. Rf2 {[%clk 0:14:18]} Qf7
{[%clk 0:13:52]} 33. Rdf1 {[%clk 0:14:21]} d4 {[%clk 0:14:04]} 34. Bc1
{[%clk 0:14:07]} e4 {[%clk 0:13:32]} 35. dxe4 {[%clk 0:11:36]} d3
{[%clk 0:13:47]} 36. Rd1 {[%clk 0:10:19]} Rxf3 {[%clk 0:09:47]} 37. Rxf3
{[%clk 0:08:04]} Qxf3 {[%clk 0:10:12]} 38. Ne3 {[%clk 0:06:26]} Qxe2
{[%clk 0:09:36]} 0-1

[Event "WCO201402"]
[Site "Tromso"]
[Date "2014.08.12"]
[Round "10.31"]
[WhiteID "3200795"]
[White "Guo Emma"]
[BlackID "14300435"]
[Black "Meyer Marany"]
[Result "1-0"]
[LiveChessVersion "1.4.3"]
[BlackElo "2064"]
[WhiteElo "2044"]

1. d4 {[%clk 1:30:57]} d5 {[%clk 1:30:49]} 2. c4 {[%clk 1:31:17]} Nc6
{[%clk 1:31:09]} 3. Nf3 {[%clk 1:29:55]} Bg4 {[%clk 1:31:18]} 4. e3
{[%clk 1:28:34]} e5 {[%clk 1:31:00]} 5. Be2 {[%clk 1:20:16]} Bb4+
{[%clk 1:19:26]} 6. Bd2 {[%clk 1:17:27]} Bxd2+ {[%clk 1:16:39]} 7. Nbxd2
{[%clk 1:15:57]} e4 {[%clk 1:06:06]} 8. Ng1 {[%clk 1:10:37]} Be6 {[%clk 0:53:43]}
9. cxd5 {[%clk 1:08:26]} Bxd5 {[%clk 0:50:26]} 10. Nh3 {[%clk 1:08:30]} Nge7
{[%clk 0:43:49]} 11. Nf4 {[%clk 1:05:40]} f5 {[%clk 0:37:50]} 12. Rc1
{[%clk 1:03:08]} Qd7 {[%clk 0:30:39]} 13. Bb5 {[%clk 0:56:57]} a6
{[%clk 0:28:10]} 14. Nxd5 {[%clk 0:51:59]} Qxd5 {[%clk 0:21:31]} 15. Ba4
{[%clk 0:42:56]} b5 {[%clk 0:17:44]} 16. Bb3 {[%clk 0:41:18]} Qd7
{[%clk 0:17:37]} 17. a3 {[%clk 0:37:38]} Nd8 {[%clk 0:17:17]} 18. Qh5+
{[%clk 0:33:51]} g6 {[%clk 0:14:25]} 19. Qh6 {[%clk 0:32:28]} Nec6
{[%clk 0:10:40]} 20. h4 {[%clk 0:31:17]} Nb7 {[%clk 0:07:37]} 21. Qg5
{[%clk 0:26:58]} Ne7 {[%clk 0:06:53]} 22. Qf6 {[%clk 0:26:25]} Rf8
{[%clk 0:06:48]} 23. Qe5 {[%clk 0:26:23]} c6 {[%clk 0:06:03]} 24. h5
{[%clk 0:20:15]} Qd6 {[%clk 0:06:01]} 25. Qg7 {[%clk 0:19:32]} Qf6
{[%clk 0:05:36]} 26. Qxf6 {[%clk 0:15:04]} Rxf6 {[%clk 0:06:01]} 27. hxg6
{[%clk 0:15:32]} hxg6 {[%clk 0:06:02]} 28. f3 {[%clk 0:14:21]} exf3
{[%clk 0:05:32]} 29. Nxf3 {[%clk 0:14:06]} O-O-O {[%clk 0:04:57]} 30. Ne5
{[%clk 0:12:47]} Na5 {[%clk 0:03:38]} 31. Ba2 {[%clk 0:12:59]} Nd5
{[%clk 0:03:38]} 32. Bxd5 {[%clk 0:09:42]} Rxd5 {[%clk 0:03:58]} 33. b4
{[%clk 0:09:45]} Nc4 {[%clk 0:03:48]} 34. Nxc4 {[%clk 0:09:07]} bxc4
{[%clk 0:04:13]} 35. Rxc4 {[%clk 0:09:22]} Rd7 {[%clk 0:03:37]} 36. Kd2
{[%clk 0:08:58]} Kb7 {[%clk 0:03:52]} 37. Kd3 {[%clk 0:08:57]} Re6
{[%clk 0:03:48]} 38. Rc5 {[%clk 0:08:25]} Rde7 {[%clk 0:03:41]} 39. Rh3
{[%clk 0:08:49]} Re4 {[%clk 0:03:31]} 40. Rg3 {[%clk 0:07:34]} R4e6
{[%clk 0:01:36]} 41. Kc4 {[%clk 0:01:02]} Rd6 {[%clk 0:18:35]} 42. a4
{[%clk 0:30:49]} f4 {[%clk 0:15:52]} 43. Re5 {[%clk 0:25:05]} Red7
{[%clk 0:14:15]} 44. Rg4 {[%clk 0:25:30]} fxe3 {[%clk 0:14:13]} 45. Rxe3
{[%clk 0:25:56]} Kb6 {[%clk 0:09:50]} 46. Re5 {[%clk 0:26:02]} Rf7
{[%clk 0:08:47]} 47. a5+ {[%clk 0:22:22]} Kc7 {[%clk 0:08:34]} 48. Rge4
{[%clk 0:18:46]} Rfd7 {[%clk 0:04:17]} 49. Re6 {[%clk 0:18:46]} g5
{[%clk 0:03:57]} 50. R6e5 {[%clk 0:16:53]} Rd5 {[%clk 0:03:52]} 51. Rg4
{[%clk 0:16:39]} Rxe5 {[%clk 0:03:05]} 52. dxe5 {[%clk 0:17:04]} Rg7
{[%clk 0:03:28]} 53. Kc5 {[%clk 0:16:08]} Rg6 {[%clk 0:03:26]} 54. e6 Rxe6
{[%clk 0:02:55]} 55. Rxg5 {[%clk 0:16:16]} Re7 {[%clk 0:03:18]} 56. g4
{[%clk 0:16:27]} Rd7 {[%clk 0:02:59]} 57. Rf5 {[%clk 0:16:29]} Rg7
{[%clk 0:02:41]} 58. g5 {[%clk 0:16:53]} Rg6 {[%clk 0:02:25]} 59. Kd4
{[%clk 0:13:35]} Kd7 {[%clk 0:02:13]} 60. Rf7+ {[%clk 0:12:41]} Ke8
{[%clk 0:02:19]} 61. Rf6 {[%clk 0:12:10]} Rxg5 {[%clk 0:02:26]} 62. Rxc6
{[%clk 0:12:36]} Rg4+ {[%clk 0:02:29]} 63. Kc5 {[%clk 0:12:26]} Rg5+
{[%clk 0:02:49]} 64. Kc4 {[%clk 0:12:46]} Rg4+ {[%clk 0:02:55]} 65. Kb3
{[%clk 0:13:12]} Kd7 {[%clk 0:02:00]} 66. Rxa6 {[%clk 0:13:36]} Kc7
{[%clk 0:02:22]} 67. Rf6 {[%clk 0:13:32]} Kb7 {[%clk 0:02:35]} 68. a6+
{[%clk 0:13:24]} Ka7 {[%clk 0:02:52]} 69. Ka4 {[%clk 0:13:38]} Rg1
{[%clk 0:02:35]} 70. Ka5 {[%clk 0:13:45]} Rg7 {[%clk 0:01:55]} 71. b5
{[%clk 0:13:58]} Kb8 {[%clk 0:01:19]} 72. Rf8+ {[%clk 0:14:06]} 1-0

[Event "WCO201402"]
[Site "Tromso"]
[Date "2014.08.12"]
[Round "10.30"]
[WhiteID "4302257"]
[White "Gao Judy"]
[BlackID "3200493"]
[Black "Dekic Biljana N."]
[Result "0-1"]
[LiveChessVersion "1.4.3"]
[BlackElo "2048"]
[WhiteElo "1947"]

1. d4 {[%clk 1:30:57]} Nf6 {[%clk 1:30:54]} 2. Nf3 {[%clk 1:31:18]} e6
{[%clk 1:30:37]} 3. Bf4 {[%clk 1:31:33]} c5 {[%clk 1:29:37]} 4. e3
{[%clk 1:30:50]} cxd4 {[%clk 1:27:12]} 5. exd4 {[%clk 1:30:03]} b6
{[%clk 1:23:42]} 6. h3 {[%clk 1:25:31]} Bb7 {[%clk 1:23:45]} 7. Nbd2
{[%clk 1:25:25]} Be7 {[%clk 1:23:44]} 8. c3 {[%clk 1:25:32]} d6 {[%clk 1:20:55]}
9. Be2 {[%clk 1:17:35]} Nbd7 {[%clk 1:21:03]} 10. O-O {[%clk 1:17:02]} O-O
{[%clk 1:21:15]} 11. Nc4 {[%clk 1:13:10]} Qc7 {[%clk 1:21:04]} 12. a4
{[%clk 1:10:13]} Rac8 {[%clk 1:20:26]} 13. Re1 {[%clk 1:06:06]} Rfe8
{[%clk 1:17:52]} 14. Bd3 {[%clk 1:00:42]} Nf8 {[%clk 1:11:50]} 15. Qe2
{[%clk 0:40:37]} Qb8 {[%clk 1:10:23]} 16. Bh2 {[%clk 0:33:22]} Red8
{[%clk 1:07:50]} 17. Nfd2 {[%clk 0:30:07]} Qa8 {[%clk 1:05:47]} 18. f4
{[%clk 0:28:52]} Ba6 {[%clk 0:55:50]} 19. f5 {[%clk 0:25:19]} d5 {[%clk 0:53:15]}
20. Ne5 {[%clk 0:23:21]} Bxd3 {[%clk 0:53:11]} 21. Qxd3 {[%clk 0:22:17]} Qb7
{[%clk 0:51:15]} 22. Re2 {[%clk 0:20:14]} Bd6 {[%clk 0:42:26]} 23. Rf1
{[%clk 0:16:59]} Re8 {[%clk 0:37:59]} 24. g4 {[%clk 0:12:21]} h6 {[%clk 0:27:15]}
25. Rg2 {[%clk 0:11:06]} Re7 {[%clk 0:17:23]} 26. Bf4 {[%clk 0:09:22]} Qc7
{[%clk 0:11:38]} 27. Qe3 {[%clk 0:06:54]} N6h7 {[%clk 0:06:30]} 28. Qg3
{[%clk 0:05:06]} Rd8 {[%clk 0:06:05]} 29. h4 {[%clk 0:01:59]} f6 {[%clk 0:03:41]}
30. Nd3 {[%clk 0:01:12]} e5 {[%clk 0:03:45]} 31. dxe5 {[%clk 0:01:02]} fxe5
{[%clk 0:04:11]} 32. Bxh6 {[%clk 0:00:55]} gxh6 {[%clk 0:04:19]} 33. Qe3
{[%clk 0:00:48]} e4 {[%clk 0:04:10]} 34. f6 {[%clk 0:00:42]} Rf7 {[%clk 0:04:16]}
35. Qxh6 {[%clk 0:00:47]} exd3 {[%clk 0:04:32]} 36. g5 {[%clk 0:00:48]} Bf4
{[%clk 0:03:29]} 37. Qh5 {[%clk 0:00:38]} Qe5 {[%clk 0:03:08]} 38. Qg4
{[%clk 0:00:37]} Bxd2 {[%clk 0:02:52]} 39. g6 {[%clk 0:00:44]} Be3+
{[%clk 0:01:56]} 40. Kh1 {[%clk 0:01:08]} Nxf6 {[%clk 0:01:17]} 41. gxf7+
{[%clk 0:00:36]} Kxf7 {[%clk 0:01:43]} 42. Rf5 {[%clk 0:25:07]} Qxf5
{[%clk 0:22:19]} 43. Qxf5 {[%clk 0:24:54]} d2 {[%clk 0:22:46]} 44. Qd3
{[%clk 0:21:59]} Ne4 {[%clk 0:22:20]} 45. Qe2 {[%clk 0:20:08]} Rd6
{[%clk 0:20:26]} 46. Qh5+ {[%clk 0:17:50]} Ng6 {[%clk 0:19:41]} 47. Qh7+
{[%clk 0:13:22]} Kf8 {[%clk 0:19:44]} 48. Qh5 {[%clk 0:07:10]} Nf2+
{[%clk 0:18:02]} 49. Rxf2+ {[%clk 0:07:05]} Bxf2 {[%clk 0:18:25]} 50. Qh6+
{[%clk 0:06:40]} Kf7 {[%clk 0:18:28]} 51. Qxd2 {[%clk 0:06:21]} Bxh4
{[%clk 0:18:47]} 52. Qd3 {[%clk 0:06:12]} Bf6 {[%clk 0:18:05]} 53. Qa6
{[%clk 0:04:43]} Rd7 {[%clk 0:17:29]} 54. Qc8 {[%clk 0:04:25]} Nf8
{[%clk 0:16:42]} 55. Kg2 {[%clk 0:03:47]} d4 {[%clk 0:16:45]} 56. cxd4
{[%clk 0:03:53]} Bxd4 {[%clk 0:17:04]} 57. b3 {[%clk 0:03:33]} Bc5
{[%clk 0:16:48]} 58. Qa6 {[%clk 0:02:47]} Ne6 {[%clk 0:16:41]} 59. Kh3
{[%clk 0:02:25]} Kf6 {[%clk 0:15:04]} 60. Qf1+ {[%clk 0:02:10]} Ke7
{[%clk 0:15:11]} 61. Qc4 {[%clk 0:01:31]} a5 {[%clk 0:13:13]} 62. Qh4+
{[%clk 0:01:19]} Ke8 {[%clk 0:12:07]} 63. Qh8+ {[%clk 0:01:10]} Nf8
{[%clk 0:11:58]} 64. Qe5+ {[%clk 0:01:06]} Kd8 {[%clk 0:11:57]} 65. Qf6+
{[%clk 0:00:53]} Kc7 {[%clk 0:11:51]} 66. Qf4+ {[%clk 0:01:02]} Rd6
{[%clk 0:11:28]} 67. Qf7+ {[%clk 0:00:46]} Nd7 {[%clk 0:11:50]} 68. Kg4
{[%clk 0:00:42]} Kc6 {[%clk 0:06:41]} 69. Kg3 {[%clk 0:00:42]} Ne5
{[%clk 0:06:23]} 70. Qe8+ {[%clk 0:00:48]} Kd5 {[%clk 0:06:44]} 71. Kf4
{[%clk 0:00:43]} Rf6+ {[%clk 0:05:32]} 72. Kg3 {[%clk 0:00:41]} Kd4
{[%clk 0:05:37]} 73. Qb5 {[%clk 0:00:41]} Rf3+ {[%clk 0:05:31]} 74. Kg2
{[%clk 0:00:53]} Rc3 {[%clk 0:05:12]} 75. Kf1 {[%clk 0:00:56]} Rf3+
{[%clk 0:03:21]} 76. Kg2 {[%clk 0:00:53]} Ke4 {[%clk 0:03:30]} 77. Qe2+
{[%clk 0:00:50]} Kf4 {[%clk 0:03:19]} 78. Qd2+ {[%clk 0:00:44]} Be3
{[%clk 0:03:36]} 79. Qd6 {[%clk 0:00:45]} Rf2+ {[%clk 0:02:53]} 80. Kh3
{[%clk 0:00:55]} Ke4 {[%clk 0:02:55]} 81. Kg3 {[%clk 0:00:42]} Rd2
{[%clk 0:03:06]} 82. Qe7 {[%clk 0:00:57]} Bc5 {[%clk 0:02:17]} 83. Qh7+
{[%clk 0:00:43]} Kd4 {[%clk 0:02:38]} 84. Qh4+ {[%clk 0:00:47]} Kc3
{[%clk 0:02:55]} 85. Qf6 {[%clk 0:00:47]} Bd4 {[%clk 0:03:12]} 86. Qe6
{[%clk 0:00:36]} Rd3+ {[%clk 0:03:16]} 0-1

[Event "WCO201402"]
[Site "Tromso"]
[Date "2014.08.12"]
[Round "10.29"]
[WhiteID "3206718"]
[White "Yu Sally"]
[BlackID "4303733"]
[Black "Timergazi Layla"]
[Result "1/2-1/2"]
[LiveChessVersion "1.4.3"]
[BlackElo "1874"]
[WhiteElo "1953"]

1. e4 {[%clk 1:30:55]} c6 {[%clk 1:30:54]} 2. Nc3 {[%clk 1:31:14]} d5
{[%clk 1:31:18]} 3. Nf3 {[%clk 1:31:30]} Bg4 {[%clk 1:31:33]} 4. h3
{[%clk 1:31:45]} Bxf3 {[%clk 1:31:53]} 5. Qxf3 {[%clk 1:32:01]} e6
{[%clk 1:32:11]} 6. g3 {[%clk 1:29:33]} Nf6 {[%clk 1:31:24]} 7. Bg2
{[%clk 1:28:59]} Bb4 {[%clk 1:30:25]} 8. e5 {[%clk 1:26:30]} Nfd7
{[%clk 1:30:10]} 9. Qg4 {[%clk 1:24:32]} Bf8 {[%clk 1:26:49]} 10. d4
{[%clk 1:20:01]} c5 {[%clk 1:23:44]} 11. Ne2 {[%clk 1:03:22]} cxd4
{[%clk 1:21:55]} 12. f4 {[%clk 1:00:07]} Nc6 {[%clk 1:19:49]} 13. O-O
{[%clk 0:51:50]} h5 {[%clk 1:13:18]} 14. Qf3 {[%clk 0:51:22]} Bc5
{[%clk 1:12:29]} 15. Kh1 {[%clk 0:50:55]} Qe7 {[%clk 2:19:23]} 16. a3
{[%clk 0:50:15]} a5 {[%clk 1:07:35]} 17. Qd3 {[%clk 0:45:26]} Nb6
{[%clk 0:56:52]} 18. b3 {[%clk 0:43:26]} g5 {[%clk 0:50:36]} 19. Bb2
{[%clk 0:39:28]} Nd7 {[%clk 0:46:16]} 20. Nxd4 {[%clk 0:28:35]} Nxd4
{[%clk 0:44:37]} 21. Bxd4 {[%clk 0:27:24]} Rc8 {[%clk 0:38:18]} 22. c3
{[%clk 0:23:09]} h4 {[%clk 0:34:22]} 23. g4 {[%clk 0:20:29]} gxf4
{[%clk 4:12:31]} 24. Rxf4 {[%clk 0:20:53]} Qg5 {[%clk 0:32:44]} 25. Raf1
{[%clk 0:21:00]} Rf8 {[%clk 0:31:31]} 26. Qh7 {[%clk 0:16:03]} Qe7
{[%clk 0:23:10]} 27. Qd3 {[%clk 0:13:39]} Bxd4 {[%clk 0:20:50]} 28. cxd4
{[%clk 0:12:59]} Qxa3 {[%clk 0:20:08]} 29. g5 {[%clk 0:13:05]} Qe7
{[%clk 0:19:04]} 30. g6 {[%clk 0:13:10]} fxg6 {[%clk 0:18:27]} 31. Qxg6+
{[%clk 0:13:33]} Kd8 {[%clk 0:18:46]} 32. Rf7 {[%clk 0:13:27]} Rxf7
{[%clk 0:17:08]} 33. Rxf7 {[%clk 0:13:49]} Qe8 {[%clk 0:16:49]} 34. Qg5+
{[%clk 0:11:04]} Kc7 {[%clk 0:17:03]} 35. Re7 {[%clk 0:11:17]} Qf8
{[%clk 0:11:47]} 36. Rxe6 {[%clk 0:09:08]} Kb8 {[%clk 0:10:51]} 37. Qxh4
{[%clk 0:06:15]} Rc1+ {[%clk 0:10:02]} 38. Kh2 {[%clk 0:06:40]} Rc2
{[%clk 0:05:51]} 39. Rg6 {[%clk 0:04:05]} Rc3 {[%clk 0:03:25]} 40. e6
{[%clk 0:04:05]} Qd6+ {[%clk 0:02:13]} 41. Kg1 {[%clk 0:29:26]} Rc1+ 42. Bf1 Nf8
{[%clk 0:28:59]} 43. Rg8 Rc2 {[%clk 0:26:47]} 44. Qg3 {[%clk 0:23:43]} Qxg3+ 45.
Rxg3 {[%clk 0:24:11]} Nxe6 {[%clk 2:16:29]} 46. h4 {[%clk 0:15:43]} Rc7
{[%clk 0:23:41]} 47. Rg4 {[%clk 0:14:33]} Rh7 {[%clk 0:17:43]} 48. Bd3
{[%clk 0:14:35]} Rh6 {[%clk 0:15:30]} 49. Bf5 {[%clk 0:10:08]} b5
{[%clk 0:12:27]} 50. Bc2 Kc7 51. Kf2 {[%clk 0:06:31]} Kd6 {[%clk 0:11:26]} 52.
Ke3 {[%clk 0:06:38]} Ke7 {[%clk 0:10:59]} 53. Bd3 {[%clk 0:04:29]} b4
{[%clk 0:09:08]} 54. Bg6 Kf6 55. h5 {[%clk 0:04:26]} Ng7 {[%clk 0:07:14]} 56.
Rf4+ {[%clk 0:04:14]} Kg5 57. Bc2 Rc6 58. Rf7 Rxc2 {[%clk 0:03:05]} 59. Rxg7+
{[%clk 0:01:38]} Kxh5 {[%clk 0:03:22]} 60. Rd7 {[%clk 0:01:58]} Rc3+
{[%clk 0:03:21]} 61. Kd2 {[%clk 0:02:23]} Rxb3 {[%clk 0:02:54]} 62. Rxd5+
{[%clk 0:02:49]} Kg6 {[%clk 0:03:07]} 63. Rxa5 Kf6 64. Rb5 Ke6 65. Kc2 Rc3+ 66.
Kd2 Rb3 1/2-1/2